| 000 | 00585nam a2200217 a 4500 | ||
|---|---|---|---|
| 999 |
_c7637 _d7637 |
||
| 001 | 7637 | ||
| 003 | BD-JhCC | ||
| 005 | 20180222134354.0 | ||
| 008 | 180212s1986 uk |||| |||| 000 0 eng d | ||
| 020 | _a0813301165 | ||
| 035 | _a(BD-JhCC)7637 | ||
| 040 |
_aBD-JhCC _dBD-JhCC |
||
| 041 | _aeng | ||
| 082 |
_a956.92044 _bSAH 1986 |
||
| 100 | _aSahliyeh, Emile F. | ||
| 245 |
_aThe PLO after the Lebanon War / _cEmile F. Sahliyeh |
||
| 260 |
_aLondon: _bEmile F. Sahliyeh, _c1986 |
||
| 300 |
_a268 p;, _c24cm |
||
| 650 | _aPolitics and Government--Palestinian & Arabs | ||
| 942 |
_2ddc _cBK |
||